000 00520nam a22001937a 4500
003 MPLRDC
005 20220104201731.0
008 210129b ||||| |||| 00| 0 eng d
020 _a7-80676-692-8
082 _a522.1 ESYSJ
100 _a二十一世纪经济报道
245 _a被隐蔽的真相
_c杨建英 责任编辑
250 _a初版一刷
260 _a中国
_b文汇出版社
_c2005
300 _b
520 _a上架 2017-07-06。
650 _a国际·世界经济
942 _cBK
_o522.1 ESYSJ
999 _c67309
_d67299